Вып. 65: информационный выпуск; Научные сообщения

التفاصيل البيبلوغرافية
Parent link:Научные сообщения: [сборник статей]/ Академия наук СССР (АН СССР), Институт горного дела им. А. А. Скочинского (ИГД); отв. ред. Л. И. Барон. Вып. 65.— .— Москва: Недра, 1959-1988
مؤلفون آخرون: Барон Л. И. (редактор)
اللغة:الروسية
منشور في: Москва, Изд-во института горного дела, 1969
الموضوعات:
التنسيق: كتاب
KOHA link:https://koha.lib.tpu.ru/cgi-bin/koha/opac-detail.pl?biblionumber=677838

MARC

LEADER 00000nam2a2200000 4500
001 677838
005 20250117153328.0
035 |a (RuTPU)RU\TPU\book\136476 
090 |a 677838 
100 |a 20241223d1969 k y0rusy50 ca 
101 0 |a rus 
102 |a RU 
105 |a a z 001zy 
181 0 |a i   |b  e  
182 0 |a n 
183 0 |a nc  |2 RDAcarrier 
200 0 |a Вып. 65  |e информационный выпуск  |f отв. ред. Л. И. Барон 
203 |a Текст  |b визуальный  |c непосредственный 
210 |a Москва  |c Изд-во института горного дела  |d 1969 
215 |a 130 с.  |c ил. 
283 |a volume  |2 RDAcarrier 
320 |a Библиогр. в конце ст. 
461 1 |0 677189  |9 677189  |t Научные сообщения  |o [сборник статей]  |f Академия наук СССР (АН СССР), Институт горного дела им. А. А. Скочинского (ИГД)  |g отв. ред. Л. И. Барон  |c Москва  |n Недра  |n Госгортехиздат  |d 1959-1988  |v Вып. 65 
606 1 |a Горное дело  |9 35173 
610 1 |a случайные факторы 
610 1 |a угольная промышленность 
610 1 |a планирование 
610 1 |a цикличное действие 
610 1 |a проходческие комбайны 
610 1 |a нагрузки 
610 1 |a бурошнековые комплексы 
610 1 |a скребковые конвейеры 
610 1 |a исполнительный орган 
610 1 |a тяговая надежность 
610 1 |a гидрораспределительная аппаратура 
610 1 |a ударное разрушение 
610 1 |a запаздывание 
610 1 |a сопротивляемость 
610 1 |a кадмий-никелевые аккумуляторы 
610 1 |a рудничные электровозы 
610 1 |a фильтрация 
610 1 |a газы 
610 1 |a решение задач 
610 1 |a абсорбциометрические приборы 
675 |a 622  |v 3 
702 1 |a Барон  |b Л. И.  |4 340 
801 1 |a RU  |b 63413507  |c 20241223  |g PSBO 
801 2 |a RU  |b 63413507  |c 20241223  |g PSBO 
850 |a 63413507 
942 |c CR